000 00482nam a2200169 a 4500
001 000047590
005 20201002060626.0
008 180704s2017 dr 000 spa d
020 _a9789945089011
040 _aDO-SdBNP
_bspa
_cBNPHU
082 _axxx
_bS231h
100 1 _aSantana, Salvador
_975228
245 3 _aEl humano esplendor :
_bpoesía /
_cSalvador Santana.
260 _aSanto Domingo :
_bSantuario,
_c2017.
300 _a72 p. ;
_c24 cm.
590 _aInventariado,2018/DG
999 _c47078
_d47078